000 01343nam a22003497a 4500
003 CHAP
005 20220329143827.0
008 111021s2011 mx r 00010 spa d
010 _a102427
011 _a103399
035 _a114088
040 _cCHAP
090 _aTesis
100 1 _aNava Morales, Brenda Deysy
_980458
245 1 0 _aSensibilidad in vitro de helminthosporiumm teres en cebada a fungicidas
_h[En línea]
_c/por Brenda Deysy Nava Morales
260 _aChapingo, Méx. :
_bEl autor,
_c2011
300 _aPara ver el contenido del material haga clic en la liga
502 _aTesis (Ing. Agr. Esp. en Parasitología Agrícola) -- UACH. Departamento de Parasitología Agrícola
590 _aALEPH
_b10
_c20130110
_lUCH01
_h1542
590 _aBATCH-UPD
_b10
_c20130110
_lUCH01
_h1517
590 _aBATCH-UPD
_b10
_c20140324
_lUCH01
_h1528
590 _aBATCH-UPD
_b10
_c20141002
_lUCH01
_h0851
590 _aCONVERSION
_b10
_c20130109
_lUCH01
_h1356
650 1 4 _aCebada.
_920652
650 1 4 _aFungicidas.
_944044
650 1 4 _aHelminthosporium.
_953466
856 _3Finding aid
_uhttp://10.13.5.2/tesis/114088.pdf
_zTeclea aqui
901 _aBK
942 _cFOLL
949 _aTesis
_bBC
_cTES
_d33724002309025
_eTS1
_gDonaciØn
_h52924
_i114088
_st
949 _aTesis
_bBC
_cTES
_d33724002309066
_eTS2
_fc.2
_gDonaciØn
_h52925
_i114088
_st
999 _c102427
_d102427